| 000 | 01574nam a2200229Ia 4500 | ||
|---|---|---|---|
| 003 | Ost | ||
| 005 | 20260507075728.0 | ||
| 008 | 260507s9999||||xx |||||||||||||| ||und|| | ||
| 020 | _a8862804977 | ||
| 040 | _cfsecg | ||
| 041 | _aara | ||
| 082 | _a658.827 | ||
| 100 |
_aالفقى، عاطف محمد _eمؤلف |
||
| 245 | 0 |
_aالحماية القانونية الاسم التجاري / _c عاطف محمد الفقى |
|
| 260 |
_aالقاهرة: _bدار النهضة العربية, _c2001 |
||
| 300 |
_a190 صفحة؛ _c24 سم |
||
| 504 | _aبيبليوغرافيا : ص. 178 ؛ قائمة المختصرات: ص. 188 | ||
| 520 | _aشروط الحماية القانونية للاسم التجاري قواعد اختيار الاسم التجاري ، طرق اكتساب الحق في الاسم التجاري نطاق الحماية الحماية القانونية للاسم التجاري حماية الاسم التجاري في مواجهة الاسم التجاري للغير ، حماية الاسم التجاري في المواجهة التجاية العلامة للغير ، حماية الاسم التجاري في حالة التصرف فيه أليات الحماية القانونية للاسم التجاري الحماية العامة للاسم التجاري ، الحماية الخاصة للاسم التجاري ، الحماية الدولية للاسم التجاري | ||
| 653 | _aالاسم التجاري | ||
| 653 | _aالعلامة التجارية- قوانين و تشريعات | ||
| 942 | _cكتاب | ||
| 999 |
_c46008 _d46008 |
||